Statistiques concernant Ministres des gouvernements de Jean-Pierre Raffarin I et II

Cliquez ici pour prendre le quiz!

Statistiques générales

  • Ce quiz a été pris 74 fois
  • Le résultat moyen est 7 sur 16

Statistiques - réponses

HintRéponse% Correct
Premier ministreJean-Pierre Raffarin
98%
Ministre de l'Intérieur, de la Sécurité intérieure et des Libertés localesNicolas Sarkozy
97%
Ministre des Affaires étrangères, de la Coopération et de la FrancophonieDominique de Villepin
84%
Ministre des Affaires sociales, du Travail et de la SolidaritéFrançois Fillon
73%
Ministre de la Défense et des Anciens combattantsMichèle Alliot-Marie
71%
Ministre de l'Écologie et du Développement durableRoselyne Bachelot
61%
Garde des Sceaux, ministre de la JusticeDominique Perben
40%
Ministre des SportsJean-François Lamour
37%
Ministre de la Jeunesse, de l'Éducation nationale et de la RechercheLuc Ferry
37%
Ministre de l'Économie, des Finances et de l'IndustrieFrancis Mer
35%
Ministre de l'Équipement, des Transports, du Logement, du Tourisme et de la MerGilles de Robien
24%
Ministre de l'Agriculture, de l'Alimentation, de la Pêche et des Affaires ruralesHervé Gaymard
21%
Ministre de la Culture et de la CommunicationJean-Jacques Aillagon
18%
Ministre de la Santé, de la Famille, et des Personnes handicapéesJean-François Mattei
16%
Ministre de l'Outre-MerBrigitte Girardin
15%
Ministre de la Fonction publique, de la Réforme de l'État et de l'Aménagement de territoireJean-Paul Delevoye
15%

Distribution des résultats

Percentile par nombre de réponses

% des personnes avec chaque résultat

Votre développement - résultats

Vous n’avez pas pris ce quiz